[Event "CZE-chT2B 1011"]
[Site "Czech Republic"]
[Date "2011.01.09"]
[Round "5.8"]
[White "Cervinka, Jan"]
[Black "Bayer, Radek"]
[Result "0-1"]
[WhiteElo "1822"]
[BlackElo "2049"]
[PlyCount "82"]
[EventDate "2010.10.17"]
[EventType "team-tourn"]
[EventRounds "11"]
[EventCountry "CZE"]
[SourceTitle "EXT 2012"]
[Source "ChessBase"]
[SourceDate "2011.11.24"]
[SourceVersion "1"]
[SourceVersionDate "2011.11.24"]
[SourceQuality "1"]
[WhiteTeam "Podborany"]
[BlackTeam "Teplice"]
[WhiteTeamCountry "CZE"]
[BlackTeamCountry "CZE"]

1. c4 Nf6 2. Nc3 c5 3. Nf3 Nc6 4. g3 d5 5. cxd5 Nxd5 6. Bg2 Nc7 7. 0-0 e5 8. d3 Be7 9. a3 0-0 10. Be3 Be6 11. Ne4 b6 12. Ned2 Nd5 13. Nc4 f6 14. Qa4 Rc8 15. Bd2 Qd7 16. Ne3 Rfd8 17. h4 Nd4 18. Qd1 Nxe3 19. Bxe3 Nb3 20. Rb1 Qb5 21. Nd2 Nxd2 22. Qxd2 c4 23. Rbc1 cxd3 24. Rxc8 Bxc8 25. exd3 Qxd3 26. Qxd3 Rxd3 27. Rc1 Be6 28. Rc7 Rd7 29. Rc6 Kf7 30. Kf1 Rd1+ 31. Ke2 Rb1 32. Rc2 Bb3 33. Rd2 Bc4+ 34. Kf3 Ke6 35. g4 Bd5+ 36. Kg3 Bxg2 37. Kxg2 Bc5 38. Kf3 Bxe3 39. Kxe3 h5 40. Kf3 Rh1 41. g5 Rxh4 0-1

[Event "CZE-chT2B 1011"]
[Site "Czech Republic"]
[Date "2010.11.21"]
[Round "3.8"]
[White "Zboril, Jaroslav"]
[Black "Cervinka, Jan"]
[Result "1-0"]
[WhiteElo "2013"]
[BlackElo "1822"]
[PlyCount "81"]
[EventDate "2010.10.17"]
[EventType "team-tourn"]
[EventRounds "11"]
[EventCountry "CZE"]
[SourceTitle "EXT 2012"]
[Source "ChessBase"]
[SourceDate "2011.11.24"]
[SourceVersion "1"]
[SourceVersionDate "2011.11.24"]
[SourceQuality "1"]
[WhiteTeam "Sokolov"]
[BlackTeam "Podborany"]
[WhiteTeamCountry "CZE"]
[BlackTeamCountry "CZE"]

1. d4 Nf6 2. Nf3 e6 3. Bf4 b6 4. e3 Bb7 5. Be2 Be7 6. 0-0 0-0 7. h3 d5 8. Nbd2 c5 9. c3 Nc6 10. Bd3 c4 11. Bc2 b5 12. a3 a5 13. Bg5 Qc7 14. e4 dxe4 15. Nxe4 Nxe4 16. Bxe4 f5 17. Bc2 b4 18. axb4 axb4 19. Qe2 Nd8 20. Rxa8 Bxa8 21. Bxe7 Qxe7 22. Ne5 bxc3 23. bxc3 Qb7 24. f3 Qb2 25. Qd2 Bd5 26. Rb1 Qa2 27. Rb4 Qa6 28. Ba4 f4 29. Bb5 Qa1+ 30. Kh2 Qa8 31. Bxc4 Nc6 32. Bxd5 exd5 33. Rb5 Ne7 34. Nd3 Qc6 35. Rc5 Qg6 36. Qe1 Qxd3 37. Qxe7 Qg6 38. Rxd5 Qg3+ 39. Kg1 Qg6 40. Rd8 Qb1+ 41. Kh2 1-0